[Event "Madrid Alcorcon op 1st"]
[Site "Madrid"]
[Date "2022.12.26"]
[Round "1"]
[White "Alcojor Patilla, Antonio"]
[Black "Fernandez Lledo, Javier"]
[Result "0-1"]
[WhiteElo "1615"]
[BlackElo "2273"]
[PlyCount "84"]
[EventDate "2022.12.26"]
[EventType "swiss"]
[EventRounds "9"]
[EventCountry "ESP"]
[SourceTitle "CBM 212 Extra"]
[Source "ChessBase"]
[SourceDate "2023.03.31"]
[SourceVersion "1"]
[SourceVersionDate "2023.03.31"]
[SourceQuality "1"]

1. e4 c5 2. Nf3 e6 3. d4 cxd4 4. Nxd4 Nc6 5. Be3 Qc7 6. Nc3 a6 7. Qd2 Nf6 8. f3 Bb4 9. 0-0-0 Ne5 10. a3 Bxc3 11. Qxc3 Qxc3 12. bxc3 d5 13. Bd3 dxe4 14. Bxe4 Nxe4 15. fxe4 Nc4 16. Bf2 Nxa3 17. Nb3 Nc4 18. Rd4 b5 19. Rhd1 0-0 20. Nc5 e5 21. R4d3 Bg4 22. Re1 a5 23. h3 Be6 24. Bh4 h6 25. Rf3 a4 26. g4 a3 27. Nb3 a2 28. Na1 f6 29. Bf2 Rfd8 30. Rd3 Kf7 31. Red1 Ke8 32. Bc5 Rac8 33. Bb4 Bg8 34. Rxd8+ Rxd8 35. Rxd8+ Kxd8 36. Bf8 g5 37. Bxh6 Ke7 38. Bg7 Bh7 39. Kd1 Bxe4 40. Ke2 Bg2 41. Kf2 Be4 42. Ke2 Na3 0-1

[Event "Alcorcon Spring op-B 1st"]
[Site "Alcorcon"]
[Date "2019.05.12"]
[Round "7"]
[White "Labrado Fernandez, Ivan"]
[Black "Alcojor Patilla, Antonio"]
[Result "0-1"]
[WhiteElo "1393"]
[BlackElo "1626"]
[PlyCount "94"]
[EventDate "2019.03.24"]
[EventType "swiss"]
[EventRounds "9"]
[EventCountry "ESP"]
[SourceTitle "EXT 2020"]
[Source "ChessBase"]
[SourceDate "2019.10.17"]
[SourceVersion "1"]
[SourceVersionDate "2019.10.17"]
[SourceQuality "1"]

1. e4 d6 2. d4 Nf6 3. Bd3 g6 4. Nf3 Bg7 5. 0-0 c5 6. e5 dxe5 7. dxe5 Ng4 8. Re1 Nc6 9. Bf4 Nh6 10. Bb5 Qxd1 11. Bxc6+ bxc6 12. Rxd1 Bf5 13. c4 Be6 14. b3 Nf5 15. Na3 f6 16. Nc2 g5 17. exf6 exf6 18. Bc1 g4 19. Nfe1 Nd4 20. Bb2 Nxc2 21. Nxc2 Kf7 22. Ba3 f5 23. Rac1 Bf8 24. Rd3 Be7 25. Rcd1 f4 26. f3 Bf5 27. Rc3 Bf6 28. fxg4 Bxg4 29. Rcd3 Bxd1 30. Rxd1 Rad8 31. Rf1 Rd2 32. Ne1 Bd4+ 33. Kh1 Rxa2 34. Rxf4+ Ke6 35. Bc1 Ra1 36. Nd3 Rb8 37. g4 Rxb3 38. Rxd4 Rxd3 39. Rxd3 Rxc1+ 40. Kg2 Rxc4 41. Kf3 a5 42. Re3+ Kd5 43. Rd3+ Rd4 44. Ra3 a4 45. h4 Rb4 46. Rd3+ Kc4 47. Ra3 Rb3+ 0-1

[Event "Alcorcon Spring op-B 1st"]
[Site "Alcorcon"]
[Date "2019.03.24"]
[Round "1"]
[White "Majer Nunez, Chistian"]
[Black "Alcojor Patilla, Antonio"]
[Result "0-1"]
[WhiteElo "1141"]
[BlackElo "1626"]
[PlyCount "118"]
[EventDate "2019.03.24"]
[EventType "swiss"]
[EventRounds "9"]
[EventCountry "ESP"]
[SourceTitle "EXT 2020"]
[Source "ChessBase"]
[SourceDate "2019.10.17"]
[SourceVersion "1"]
[SourceVersionDate "2019.10.17"]
[SourceQuality "1"]

1. e4 d6 2. Nc3 Nf6 3. Nf3 g6 4. Bc4 Bg7 5. d3 c5 6. 0-0 0-0 7. h3 Nc6 8. Be3 a6 9. Qd2 b5 10. Bd5 Nxd5 11. exd5 Ne5 12. Nxe5 Bxe5 13. Rab1 Bb7 14. Bh6 Bg7 15. h4 e5 16. Bg5 f6 17. Bh6 Bxh6 18. Qxh6 f5 19. h5 Qh4 20. Qe3 Qxh5 21. a3 Rae8 22. b4 Rc8 23. Ne2 Bxd5 24. Ng3 f4 25. Nxh5 fxe3 26. Ng3 exf2+ 27. Rxf2 Rxf2 28. Kxf2 cxb4 29. axb4 Rxc2+ 30. Ke1 Rxg2 31. Nf1 Kf7 32. Ra1 Ra2 33. Rc1 h5 34. Ne3 Ke6 35. Nc2 h4 36. Kf1 h3 37. Kg1 h2+ 38. Kxh2 Bb3 39. Kg3 Rxc2 40. Re1 Rc3 41. Re3 Bc4 42. Kf2 Rxd3 43. Rxd3 Bxd3 44. Ke3 Bf5 45. Kf2 Kd5 46. Ke2 g5 47. Kf2 g4 48. Kg2 e4 49. Kf2 Kd4 50. Ke2 e3 51. Ke1 Kd3 52. Kf1 e2+ 53. Ke1 Bg6 54. Kf2 g3+ 55. Ke1 g2 56. Kf2 g1Q+ 57. Kxg1 e1Q+ 58. Kh2 Qf2+ 59. Kh3 Bf5# 0-1

[Event "Madrid San Viator op-B 30th"]
[Site "Madrid"]
[Date "2018.06.10"]
[Round "9"]
[White "Hidalgo Prado, David"]
[Black "Alcojor Patilla, Antonio"]
[Result "0-1"]
[WhiteElo "1563"]
[BlackElo "1599"]
[PlyCount "102"]
[EventDate "2018.04.08"]
[EventType "swiss"]
[EventRounds "9"]
[EventCountry "ESP"]
[SourceTitle "EXT 2019"]
[Source "ChessBase"]
[SourceDate "2018.10.10"]
[SourceVersion "1"]
[SourceVersionDate "2018.10.10"]
[SourceQuality "1"]

1. e4 d6 2. d4 Nf6 3. Nc3 g6 4. Nf3 Bg7 5. Be2 0-0 6. 0-0 Nbd7 7. a4 c5 8. d5 a6 9. Bd2 Nb6 10. a5 Nbd7 11. Re1 b5 12. axb6 Qxb6 13. Na4 Qb7 14. Bc4 Nb6 15. Nxb6 Qxb6 16. Rb1 Bb7 17. b4 cxb4 18. Bxb4 Ng4 19. Re2 Qc7 20. Qd3 Rfc8 21. Ba5 Qxa5 22. Rxb7 Rcb8 23. Rxb8+ Rxb8 24. g3 Rb6 25. h3 Ne5 26. Nxe5 dxe5 27. c3 Qa1+ 28. Kg2 Qc1 29. Rc2 Qg5 30. Ra2 Qc1 31. Rc2 Qg5 32. Bxa6 f5 33. h4 Qg4 34. Bc8 fxe4 35. Bxg4 exd3 36. Rd2 e4 37. f4 Bxc3 38. Rd1 Rb2+ 39. Kf1 Bd4 40. Ke1 Bf2+ 41. Kf1 Bxg3 42. f5 gxf5 43. Bxf5 Rf2+ 44. Ke1 Rxf5+ 45. Kd2 Bf4+ 46. Kc3 Rxd5 47. Rg1+ Kf7 48. Rf1 e5 49. Rd1 e3 50. Rxd3 Rxd3+ 51. Kxd3 Kg6 0-1

[Event "Madrid San Viator op-B 30th"]
[Site "Madrid"]
[Date "2018.05.06"]
[Round "4"]
[White "Alcojor Patilla, Antonio"]
[Black "Campos Calderon, David"]
[Result "1/2-1/2"]
[WhiteElo "1599"]
[BlackElo "1353"]
[PlyCount "75"]
[EventDate "2018.04.08"]
[EventType "swiss"]
[EventRounds "9"]
[EventCountry "ESP"]
[SourceTitle "EXT 2019"]
[Source "ChessBase"]
[SourceDate "2018.10.10"]
[SourceVersion "1"]
[SourceVersionDate "2018.10.10"]
[SourceQuality "1"]

1. e4 c5 2. Nf3 d6 3. d4 cxd4 4. Nxd4 Nf6 5. Nc3 e5 6. Nf3 Be6 7. Bg5 Be7 8. h3 0-0 9. Be2 a6 10. Qd2 Nbd7 11. 0-0 Rc8 12. Rad1 Qc7 13. Nh4 b5 14. a3 Rfe8 15. Rc1 Qc6 16. Bf3 Nb6 17. Nf5 Nc4 18. Qe2 Nxb2 19. Nd5 Bd8 20. Qd2 Nc4 21. Qc3 Nxd5 22. exd5 Bxd5 23. Bxd5 Qxd5 24. Rfd1 Qc6 25. Bh4 Bxh4 26. Nxh4 d5 27. Qg3 Qe6 28. Nf3 a5 29. Nd2 Nxd2 30. Rxd2 Qc6 31. Re1 Qc3 32. Qxc3 Rxc3 33. Rxd5 Rxa3 34. Rexe5 Kf8 35. Rxb5 Rxe5 36. Rxe5 a4 37. Ra5 Ra1+ 38. Kh2 1/2-1/2

[Event "Madrid San Viator op-B 29th"]
[Site "Madrid"]
[Date "2017.11.12"]
[Round "9"]
[White "Alcojor Patilla, Antonio"]
[Black "Jimenez Alvaro, Angel"]
[Result "0-1"]
[WhiteElo "1618"]
[BlackElo "1683"]
[PlyCount "62"]
[EventDate "2017.09.17"]
[EventType "swiss"]
[EventRounds "9"]
[EventCountry "ESP"]
[SourceTitle "EXT 2019"]
[Source "ChessBase"]
[SourceDate "2018.10.10"]
[SourceVersion "1"]
[SourceVersionDate "2018.10.10"]
[SourceQuality "1"]

1. e4 e6 2. d4 d5 3. e5 c5 4. f4 Nc6 5. Nf3 Qb6 6. c3 Nh6 7. Na3 cxd4 8. Nxd4 Nxd4 9. Qxd4 Qxd4 10. cxd4 Bxa3 11. bxa3 Nf5 12. Bb2 h5 13. Rc1 Bd7 14. Bd3 Ke7 15. Rc7 Rab8 16. Bb5 Rhd8 17. 0-0 Ke8 18. Bxd7+ Rxd7 19. Rfc1 Ne3 20. R1c5 Nc4 21. Bc3 Kd8 22. Rxd7+ Kxd7 23. Kf2 a6 24. a4 b6 25. Rxc4 dxc4 26. a3 Kc6 27. Ke3 a5 28. Ke4 g6 29. g3 b5 30. Bxa5 bxa4 31. Bb4 Rxb4 0-1